|
|
|
|
| LEADER |
01836nam a22002897a 4500 |
| 001 |
39744 |
| 003 |
BD-DhAAL |
| 008 |
221018t2022 bg ||||| b||| 00| 0 eng d |
| 020 |
|
|
|a 9789849467878
|
| 040 |
|
|
|a BD-DhAAL
|c BD-DhAAL
|
| 082 |
|
|
|a 341.48095492
|2 23
|
| 100 |
|
|
|a Mahmood, K. Shamsuddin
|9 51882
|
| 245 |
|
|
|a Coeval cutting-edge legal issue of Bangladesh :
|b reflection and analysis /
|c K. Shamsuddin Mahmood.
|
| 260 |
|
|
|a Dhaka :
|b Mullick Brothers,
|c 2022.
|
| 300 |
|
|
|a xvi, 103 pages ;
|c 22 cm.
|
| 504 |
|
|
|a Includes bibliographical references.
|
| 541 |
|
|
|a Complimentary copy from K. Shamsuddin Mahmood (Former Registrar), Donated by Professor Syed Mahfuzul Aziz (Former Pro Vice-Chancellor)
|e 39744, 39767, 44327
|
| 650 |
|
|
|a Human rights
|z Bangladesh.
|9 51883
|
| 650 |
|
|
|a Civil rights
|z Bangladesh.
|9 51884
|
| 650 |
|
|
|a Law partnership
|z Bangladesh.
|9 58088
|
| 650 |
|
|
|a Law.
|
| 852 |
|
|
|a Ayesha Abed Library
|c General Stacks
|
| 942 |
|
|
|2 ddc
|c BK
|
| 999 |
|
|
|c 44973
|d 44973
|
| 952 |
|
|
|0 0
|1 0
|2 ddc
|4 0
|6 341_480954920000000_MAH
|7 0
|9 72098
|a BRACUL
|b BRACUL
|c GEN
|d 2022-10-18
|e Complimentary copy from K. Shamsuddin Mahmood
|g 400.00
|l 1
|m 11
|o 341.48095492 MAH
|p 3010039744
|r 2024-04-18
|s 2024-01-30
|t 1
|w 2022-10-18
|y BK
|x Complimentary copy from K. Shamsuddin Mahmood
|
| 952 |
|
|
|0 0
|1 0
|2 ddc
|4 0
|6 341_480954920000000_MAH
|7 0
|9 72099
|a BRACUL
|b BRACUL
|c GEN
|d 2022-10-18
|e Complimentary copy from K. Shamsuddin Mahmood
|g 400.00
|l 1
|m 1
|o 341.48095492 MAH
|p 3010039767
|r 2025-10-05
|s 2025-09-17
|t 2
|w 2022-10-18
|y BK
|x Complimentary copy from K. Shamsuddin Mahmood
|
| 952 |
|
|
|0 0
|1 0
|2 ddc
|4 0
|6 341_480954920000000_MAH
|7 0
|9 77611
|a BRACUL
|b BRACUL
|c GEN
|d 2025-04-22
|e Donated by Professor Syed Mahfuzul Aziz (Former Pro Vice-Chancellor)
|g 400.00
|l 0
|o 341.48095492 MAH
|p 3010044327
|r 2025-04-22
|t 3
|w 2025-04-22
|y BK
|x Donated by Professor Syed Mahfuzul Aziz (Former Pro Vice-Chancellor)
|